000 01542nam a22002417a 4500
003 OSt
005 20181129094244.0
008 180305b xxu||||| |||| 00| 0 spa d
020 _a9502107357
040 _cPJ
100 _955
_aDiez, Manuel María
245 _aManual de derecho administrativo /
_cManuel María Diez, con la colaboración de Tomás Hutchinson.
250 _a7a. ed.
260 _aBuenos Aires :
_bPlus Ultra,
_c1994.
300 _a2 v.
500 _aNotas y citas a pie de página.
505 _aContenido: v. 1: Introducción -- El Estado y sus funciones -- La administración pública -- El derecho administrativo. Su cosificación. Método. Ciencia de la administración -- Relaciones del derecho administrativo -- Fuentes del derecho administrativo -- Organización administrativa -- Los sujetos en el derecho administrativo -- Organización administrativa argentina -- Delos hechos y actos administrativos -- Clasificación de los actos administrativos -- La formación del acto administrativo -- Elementos del acto administrativo -- Carácteres del acto administrativo -- Nulidad de los actos administrativos -- Los vicios del acto administrativo -- Del saneamiento y de la conversión de los actos administrativos -- De la extinción de los actos administrativos -- v. 2:
650 0 _aDERECHO ADMINISTRATIVO
_9211
650 0 _aACTO ADMINISTRATIVO
_91171
650 0 _aPROCEDIMIENTO ADMINISTRATIVO
_91135
700 _971
_aHutchinson, Tomás
_ecolaborador
942 _2udc
_cLIB
_h342.9
_iDIE
999 _c283
_d283